Negotiation /

Na minha lista:
Detalhes bibliográficos
Autor principal: Lewicki, Roy J.
Formato: Livro
Idioma:English
Publicado em: Boston : Irwin/McGraw-Hill, 1999.
Edição:3rd ed.
Assuntos:
Tags: Adicionar Tag
Sem tags, seja o primeiro a adicionar uma tag!
Thư viện lưu trữ: Mạng thư viện Đại học Đà Nẵng
LEADER 00809cam a2200337 i 4500
001 000046329
003 5791
005 20041029083429.0
008 010321b1999 vm 000 eng
020 |a 0256208328 
040 |a IRC  |c IRC  |d IRC 
041 0 |a eng 
082 1 4 |a 658.4052  |b LE-R 
100 1 |a Lewicki, Roy J. 
245 1 0 |a Negotiation /  |c Roy J. Lewicki. 
250 |a 3rd ed. 
260 |a Boston :  |b Irwin/McGraw-Hill,  |c 1999. 
300 |a xvi, 528 p. :  |b ill. 
630 0 4 |a Business. 
630 0 4 |a Negotiation. 
650 0 4 |a Negotiation in business. 
OWN |a DUT 
999 |a From the UDN01 
TYP |a Monograph 
TYP |a Printed language 
980 |a Mạng thư viện Đại học Đà Nẵng